000 00447nam a2200169Ia 4500
003 GCL
008 140319s9999 xx 000 0 eng d
040 _aGCL /
_cGCL
082 0 4 _a301.15
_bK S
100 1 _aKLINEBERG, OTTO
245 1 0 _aSOCIAL PSYCHOLOGY /
_cKLINEBERG, OTTO
260 _a[S.N] :
_bHENRY HOLT AND COMPANY ،
_c1955
300 _a578 P
650 0 4 _aالحضارة الفرعونية
650 0 4 _aSOCIOLOGY
942 _2ddc
_cBK
999 _c12743
_d12743